[Event "Lancaster Open 2nd"]
[Site "Lancaster"]
[Date "2024.08.11"]
[Round "4.10"]
[White "Wynarczyk, Raymond"]
[Black "Lampard, Alice"]
[Result "0-1"]
[WhiteElo "1863"]
[BlackElo "1910"]
[PlyCount "90"]
[EventDate "2024.08.09"]
[EventType "swiss"]
[EventRounds "5"]
[EventCountry "ENG"]
[SourceTitle "BritBase"]
[Source "John Saunders"]
[SourceDate "2024.08.31"]
[SourceVersion "1"]
[SourceVersionDate "2024.08.25"]
[SourceQuality "1"]

1. e4 c5 2. c3 d5 3. exd5 Qxd5 4. d4 Nf6 5. dxc5 e6 6. Qxd5 Nxd5 7. b4 a5 8. Bc4 axb4 9. Bxd5 exd5 10. cxb4 Nc6 11. Bd2 Nd4 12. Kd1 Nb3 13. Kc2 Nxa1+ 14. Kb2 Nc2 15. Kxc2 Rxa2+ 16. Kb3 Ra8 17. Ne2 Be7 18. Nf4 O-O 19. Re1 Bf6 20. Nh5 Bd4 21. Bc3 Bxc3 22. Nxc3 d4 23. Nd5 Be6 24. Nhf4 Bxd5+ 25. Nxd5 f6 26. Rd1 Kf7 27. Rxd4 Rfd8 28. Kc4 Ra1 29. Kb5 Rd7 30. c6 bxc6+ 31. Kxc6 Rd8 32. Kc7 Raa8 33. b5 Rac8+ 34. Kb7 {(=)} Rc5 35. b6 Rcxd5 36. Rxd5 Rxd5 37. Kc7 Rd2 38. b7 Rc2+ 39. Kd8 Rb2 40. Kc7 Ke6 41. b8=Q Rxb8 42. Kxb8 Kd7 43. Kb7 h5 44. Kb6 Kd6 45. Kb7 Kd7 0-1

[Event "Lancaster Open 2nd"]
[Site "Lancaster"]
[Date "2024.08.11"]
[Round "4.11"]
[White "Wilson, Matthew R"]
[Black "Cukovs, Oleg"]
[Result "1-0"]
[WhiteElo "1840"]
[BlackElo "1903"]
[PlyCount "71"]
[EventDate "2024.08.09"]
[EventType "swiss"]
[EventRounds "5"]
[EventCountry "ENG"]
[SourceTitle "BritBase"]
[Source "John Saunders"]
[SourceDate "2024.08.31"]
[SourceVersion "1"]
[SourceVersionDate "2024.08.25"]
[SourceQuality "1"]

1. e4 Nf6 2. e5 Nd5 3. d4 d6 4. exd6 cxd6 5. c4 Nb6 6. Bd3 g6 7. h3 Bg7 8. Nf3 O-O 9. Nc3 Nc6 10. Be3 e5 11. dxe5 dxe5 12. Be2 Be6 13. Nd2 Nb4 14. O-O Bf5 15. Nde4 Qxd1 16. Raxd1 Nxa2 17. c5 Na4 18. Nxa2 Bxe4 19. Rd2 b6 20. b4 Rfd8 21. Rfd1 Rxd2 22. Rxd2 Bc6 23. Rd6 Be8 24. Bf3 Rc8 25. Bb7 Rc7 26. c6 Kf8 27. b5 Ke7 28. Rd2 f5 29. Nb4 f4 30. Nd5+ Kf7 31. Nxc7 fxe3 32. fxe3 Bh6 33. Kf2 Nc3 34. Rd8 Ne4+ 35. Ke2 Nf6 36. Nxe8 1-0

[Event "Lancaster Open 2nd"]
[Site "Lancaster"]
[Date "2024.08.11"]
[Round "5.1"]
[White "Arnott, Jonathan"]
[Black "Boswell, Jacob Connor"]
[Result "1/2-1/2"]
[WhiteElo "2324"]
[BlackElo "2320"]
[PlyCount "165"]
[EventDate "2024.08.09"]
[EventType "swiss"]
[EventRounds "5"]
[EventCountry "ENG"]
[SourceTitle "BritBase"]
[Source "John Saunders"]
[SourceDate "2024.08.31"]
[SourceVersion "1"]
[SourceVersionDate "2024.08.25"]
[SourceQuality "1"]

1. e4 c5 2. c3 Nf6 3. e5 Nd5 4. d4 d6 5. Nf3 Nc6 6. c4 Ndb4 7. d5 Nxe5 8. Nxe5 dxe5 9. Bd2 e6 10. a3 Na6 11. Nc3 Be7 12. Qh5 O-O 13. Qxe5 Bf6 14. Qg3 exd5 15. O-O-O Bxc3 16. Bxc3 d4 17. Bd3 Qf6 18. Bd2 Bf5 19. Bf4 Rfe8 20. h4 Bxd3 21. Rxd3 Re4 22. Bd2 Qg6 23. Qxg6 hxg6 24. h5 gxh5 25. Rxh5 Rae8 26. Rdh3 f6 27. Rg3 R8e5 28. Rxe5 Rxe5 29. b4 b6 30. b5 Nb8 31. Bf4 Re8 32. Bxb8 Rxb8 33. a4 a5 34. Kd2 Re8 35. Rh3 g6 36. Rh1 Kg7 37. Kd3 Rh8 38. Re1 Kf7 39. Kd2 Rh2 40. Rg1 Ke6 41. Ke2 Ke5 42. Kf3 d3 43. Ke3 d2 44. Rd1 Rxg2 45. Rxd2 Rg4 46. f4+ Ke6 47. Rd8 g5 48. fxg5 fxg5 49. Rb8 Rxc4 50. Rxb6+ Kd5 51. Rg6 Rxa4 52. Rxg5+ Kc4 53. b6 Ra3+ 54. Kd2 Rb3 55. Rg4+ Kd5 56. Ra4 Rxb6 57. Rxa5 Kd4 58. Ra3 Rb2+ 59. Kc1 Re2 60. Rh3 Kc4 61. Rg3 Kb4 62. Rh3 c4 63. Rg3 Re1+ 64. Kc2 Ra1 65. Kb2 Rh1 66. Kc2 Rf1 67. Rh3 Ra1 68. Kb2 Rd1 69. Kc2 Rg1 70. Kb2 Rg2+ 71. Kc1 Ra2 72. Kb1 Rd2 73. Kc1 Re2 74. Rg3 Kc5 75. Rh3 Kd4 76. Rg3 Rf2 77. Rh3 Ra2 78. Rg3 c3 79. Rg8 c2 80. Rd8+ Ke5 81. Rc8 Ke6 82. Rxc2 Rxc2+ 83. Kxc2 1/2-1/2

[Event "Lancaster Open 2nd"]
[Site "Lancaster"]
[Date "2024.08.11"]
[Round "5.2"]
[White "Wall, Tim"]
[Black "Kershaw, Ewan"]
[Result "0-1"]
[WhiteElo "2320"]
[BlackElo "1950"]
[PlyCount "94"]
[EventDate "2024.08.09"]
[EventType "swiss"]
[EventRounds "5"]
[EventCountry "ENG"]
[SourceTitle "BritBase"]
[Source "John Saunders"]
[SourceDate "2024.08.31"]
[SourceVersion "1"]
[SourceVersionDate "2024.08.25"]
[SourceQuality "1"]

1. e4 c5 2. Nf3 Nc6 3. b4 cxb4 4. d4 d5 5. exd5 Qxd5 6. c4 bxc3 7. Nxc3 Qa5 8. Rb1 Nf6 9. d5 Nxd5 10. Qxd5 Qxc3+ 11. Bd2 Qf6 12. Be2 e6 13. Qb3 Qd8 14. Bc3 f6 15. Bc4 Kf7 16. O-O Bc5 17. Qc2 Ne7 18. Bd3 Bb6 19. Rfd1 Qc7 20. Rbc1 Bd7 21. Qe2 Bc6 22. Bc4 Nd5 23. Bxd5 exd5 24. Nd4 Rhe8 25. Qh5+ Kg8 26. Nf5 Qf4 27. Nd4 Rad8 28. Qh3 Ba4 29. g3 Qc7 30. Rf1 Qd7 31. Qh5 Re5 32. Qf3 Re4 33. Qd3 Bxd4 34. Bxd4 Bb5 35. Qc3 Bxf1 36. Kxf1 Qa4 37. Qc7 Rde8 38. Be3 d4 39. Bf4 Qa6+ 40. Kg2 Qxa2 41. Qxb7 Re2 42. Qf3 Rxf2+ 43. Qxf2 Re2 44. Rf1 Rxf2+ 45. Rxf2 Qd5+ 46. Kg1 d3 47. Bd2 a5 0-1

[Event "Lancaster Open 2nd"]
[Site "Lancaster"]
[Date "2024.08.11"]
[Round "5.3"]
[White "McAtear, Jacob B"]
[Black "McLean, Robert"]
[Result "1/2-1/2"]
[WhiteElo "2110"]
[BlackElo "2101"]
[PlyCount "38"]
[EventDate "2024.08.09"]
[EventType "swiss"]
[EventRounds "5"]
[EventCountry "ENG"]
[SourceTitle "BritBase"]
[Source "John Saunders"]
[SourceDate "2024.08.31"]
[SourceVersion "1"]
[SourceVersionDate "2024.08.25"]
[SourceQuality "1"]

1. e4 c6 2. Nc3 d5 3. Nf3 Bg4 4. h3 Bxf3 5. Qxf3 e6 6. exd5 cxd5 7. Bb5+ Nc6 8. O-O Nf6 9. d4 Rc8 10. Bg5 Be7 11. Qd3 O-O 12. Bxc6 Rxc6 13. Ne2 Ne4 14. Bxe7 Qxe7 15. c3 Rb8 16. a4 Qc7 17. Nc1 Qb6 18. Qe2 Nd6 19. Nd3 Nc4 1/2-1/2

[Event "Lancaster Open 2nd"]
[Site "Lancaster"]
[Date "2024.08.11"]
[Round "5.4"]
[White "Hymer, Barry J"]
[Black "Surtees, Michael"]
[Result "0-1"]
[WhiteElo "1996"]
[BlackElo "2162"]
[PlyCount "56"]
[EventDate "2024.08.09"]
[EventType "swiss"]
[EventRounds "5"]
[EventCountry "ENG"]
[SourceTitle "BritBase"]
[Source "John Saunders"]
[SourceDate "2024.08.31"]
[SourceVersion "1"]
[SourceVersionDate "2024.08.25"]
[SourceQuality "1"]

1. d4 Nf6 2. Nc3 d5 3. Bf4 Bf5 4. e3 e6 5. Nf3 Bd6 6. Ne5 h6 7. g4 Bh7 8. h4 Nfd7 9. g5 Bxe5 10. dxe5 Qe7 11. gxh6 gxh6 12. Bb5 a6 13. Bd3 Nc6 14. Bxh7 Rxh7 15. Qd3 Rh8 16. O-O-O O-O-O 17. e4 d4 18. Ne2 Ndxe5 19. Bxe5 Nxe5 20. Qg3 Qc5 21. f4 Rhg8 22. Qb3 Nc4 23. Rhg1 Rxg1 24. Nxg1 d3 25. cxd3 Ne3+ 26. Kd2 Nxd1 27. Qxd1 Qd4 28. Kc2 Qa4+ 0-1

[Event "Lancaster Open 2nd"]
[Site "Lancaster"]
[Date "2024.08.11"]
[Round "5.5"]
[White "Daryanto, Ahmad"]
[Black "Wilson, Matthew R"]
[Result "1-0"]
[WhiteElo "2059"]
[BlackElo "1840"]
[PlyCount "77"]
[EventDate "2024.08.09"]
[EventType "swiss"]
[EventRounds "5"]
[EventCountry "ENG"]
[SourceTitle "BritBase"]
[Source "John Saunders"]
[SourceDate "2024.08.31"]
[SourceVersion "1"]
[SourceVersionDate "2024.08.25"]
[SourceQuality "1"]

1. e4 e5 2. Nf3 Nf6 3. Nxe5 d6 4. Nc4 Nxe4 5. d4 d5 6. Ne3 c6 7. Bd3 Bd6 8. c4 O-O 9. Nc3 Nxc3 10. bxc3 Re8 11. cxd5 cxd5 12. Qb3 Bc7 13. h4 Nc6 14. Kf1 Ne7 15. h5 h6 16. Bb2 b6 17. Re1 Bb7 18. Rh3 Nc8 19. Bb1 Nd6 20. Rd1 Ne4 21. Rf3 Qg5 22. Rf5 Ba6+ 23. Bd3 Bxd3+ 24. Rxd3 Qh4 25. Qxd5 Nf6 26. Qf3 Qh1+ 27. Ke2 Qb1 28. Rxf6 gxf6 29. Rd2 Qe4 30. Qxe4 Rxe4 31. Kd3 Rae8 32. Nd5 Bd8 33. f4 f5 34. Ba3 R8e6 35. c4 Bf6 36. Bb2 Kg7 37. Nxf6 Re3+ 38. Kc2 Kxf6 39. d5+ 1-0

[Event "Lancaster Open 2nd"]
[Site "Lancaster"]
[Date "2024.08.11"]
[Round "5.6"]
[White "Gillings, Matthew"]
[Black "Seery, Philip T"]
[Result "1-0"]
[WhiteElo "1760"]
[BlackElo "1964"]
[PlyCount "103"]
[EventDate "2024.08.09"]
[EventType "swiss"]
[EventRounds "5"]
[EventCountry "ENG"]
[SourceTitle "BritBase"]
[Source "John Saunders"]
[SourceDate "2024.08.31"]
[SourceVersion "1"]
[SourceVersionDate "2024.08.25"]
[SourceQuality "1"]

1. c4 e5 2. g3 Nf6 3. Bg2 d5 4. cxd5 Nxd5 5. Nc3 Be6 6. Nf3 Nc6 7. O-O Be7 8. d3 O-O 9. Bd2 Nb6 10. a3 Qd7 11. b4 a6 12. Ne4 Bh3 13. Rc1 Bxg2 14. Kxg2 Qd5 15. Nc5 Rab8 16. e4 Qd6 17. Qb3 Nd4 18. Nxd4 Qxd4 19. Bc3 Qd6 20. Qb2 f6 21. Qb3+ Rf7 22. Rfd1 Nd7 23. d4 exd4 24. Bxd4 Nxc5 25. Bxc5 Qe5 26. f3 Rd8 27. Rxd8+ Bxd8 28. Rd1 Qe8 29. Qd5 Be7 30. Bxe7 Qxe7 31. Qxb7 f5 32. Qxa6 fxe4 33. Qa8+ Rf8 34. Qxe4 Qxe4 35. fxe4 Ra8 36. Rd3 Kf8 37. Rc3 Ra7 38. Kf3 Ke8 39. Ke3 Kd7 40. Kd4 Ra6 41. Rf3 Ke6 42. Kc4 g6 43. Kb3 h5 44. a4 Ke5 45. b5 Rd6 46. a5 Kxe4 47. Rf4+ Ke5 48. a6 Rd8 49. Kc4 Ra8 50. Kc5 Ke6 51. Kc6 Ra7 52. Rf8 1-0

[Event "Lancaster Open 2nd"]
[Site "Lancaster"]
[Date "2024.08.11"]
[Round "5.7"]
[White "Lampard, Alice"]
[Black "Richmond, Frank"]
[Result "1/2-1/2"]
[WhiteElo "1910"]
[BlackElo "1678"]
[PlyCount "69"]
[EventDate "2024.08.09"]
[EventType "swiss"]
[EventRounds "5"]
[EventCountry "ENG"]
[SourceTitle "BritBase"]
[Source "John Saunders"]
[SourceDate "2024.08.31"]
[SourceVersion "1"]
[SourceVersionDate "2024.08.25"]
[SourceQuality "1"]

1. d4 Nf6 2. c4 g6 3. Nc3 d5 4. Nf3 Bg7 5. cxd5 Nxd5 6. Bd2 O-O 7. e4 Nxc3 8. Bxc3 c5 9. Be2 Bg4 10. d5 Bxc3+ 11. bxc3 e6 12. O-O exd5 13. Qxd5 Qe7 14. h3 Rd8 15. Qb3 Be6 16. Bc4 Bxc4 17. Qxc4 Nd7 18. a4 Ne5 19. Nxe5 Qxe5 20. Rfd1 Qc7 21. Rd5 Rxd5 22. exd5 Qd6 23. Qb3 Rb8 24. c4 Kh8 25. Qb2+ Kg8 26. Re1 a6 27. Re3 b5 28. axb5 axb5 29. cxb5 Qxd5 30. Qe2 Qd7 31. Rd3 Qe8 32. Qxe8+ Rxe8 {(=)} 33. Rc3 Rc8 34. Rc4 Kf8 35. b6 1/2-1/2

[Event "Lancaster Open 2nd"]
[Site "Lancaster"]
[Date "2024.08.11"]
[Round "5.8"]
[White "Sykes, Chris"]
[Black "Lyth, John D"]
[Result "1-0"]
[WhiteElo "1814"]
[BlackElo "1868"]
[PlyCount "71"]
[EventDate "2024.08.09"]
[EventType "swiss"]
[EventRounds "5"]
[EventCountry "ENG"]
[SourceTitle "BritBase"]
[Source "John Saunders"]
[SourceDate "2024.08.31"]
[SourceVersion "1"]
[SourceVersionDate "2024.08.25"]
[SourceQuality "1"]

1. d4 d5 2. Bf4 g6 3. Nf3 Bg7 4. Nc3 f5 5. e3 Nf6 6. Qd2 c6 7. Ne5 Nbd7 8. Be2 Nxe5 9. Bxe5 O-O 10. f4 a5 11. a4 b6 12. O-O Ba6 13. Bxa6 Rxa6 14. Rfb1 Nd7 15. Bxg7 Kxg7 16. b4 axb4 17. Rxb4 Qa8 18. Rab1 Ra7 19. h3 e6 {(=)} 20. Qd1 c5 21. R4b3 Qc6 22. Qe2 c4 23. Rb4 Rfa8 24. g4 Qd6 25. Nb5 Qe7 26. Nxa7 Rxa7 27. Qg2 Kh8 28. g5 Qd6 29. h4 Qc6 30. h5 gxh5 31. Qh2 Rxa4 32. Qxh5 Ra8 33. g6 Nf6 34. Qh4 Kg7 35. Rxb6 Qc8 36. Rb7+ 1-0

[Event "Lancaster Open 2nd"]
[Site "Lancaster"]
[Date "2024.08.11"]
[Round "5.9"]
[White "Nastase, Andreea Cristina"]
[Black "Vann, Richard P"]
[Result "1-0"]
[WhiteElo "1855"]
[BlackElo "1917"]
[PlyCount "57"]
[EventDate "2024.08.09"]
[EventType "swiss"]
[EventRounds "5"]
[EventCountry "ENG"]
[SourceTitle "BritBase"]
[Source "John Saunders"]
[SourceDate "2024.08.31"]
[SourceVersion "1"]
[SourceVersionDate "2024.08.25"]
[SourceQuality "1"]

1. d4 Nf6 2. c4 Nc6 3. Nc3 e5 4. d5 Ne7 5. Bg5 Ng6 6. h4 h6 7. Bd2 Bb4 8. a3 Bxc3 9. Bxc3 d6 10. Qc2 Ne7 11. e4 c6 12. Be2 cxd5 13. cxd5 Bd7 14. f4 Rc8 15. fxe5 dxe5 16. Nh3 Qb6 17. Nf2 h5 18. Qd2 Ng6 19. g3 O-O 20. Bf3 a6 21. O-O-O Qb3 22. Kb1 Bb5 23. Nd3 Bc4 24. Nc1 Qb5 {(=)} 25. Qg5 Bxd5 26. Bb4 Rxc1+ 27. Qxc1 Be6 28. Bxf8 Qb3 29. Qc3 1-0

[Event "Lancaster Open 2nd"]
[Site "Lancaster"]
[Date "2024.08.11"]
[Round "5.10"]
[White "Hariharan, Shambavi"]
[Black "Wynarczyk, Raymond"]
[Result "1/2-1/2"]
[WhiteElo "1859"]
[BlackElo "1863"]
[PlyCount "92"]
[EventDate "2024.08.09"]
[EventType "swiss"]
[EventRounds "5"]
[EventCountry "ENG"]
[SourceTitle "BritBase"]
[Source "John Saunders"]
[SourceDate "2024.08.31"]
[SourceVersion "1"]
[SourceVersionDate "2024.08.25"]
[SourceQuality "1"]

1. d4 d5 2. c4 e6 3. Nf3 Nf6 4. g3 Bb4+ 5. Bd2 Be7 6. Bg2 O-O 7. O-O c5 8. cxd5 Nxd5 9. dxc5 Bxc5 10. Qc2 Be7 11. Nc3 Nxc3 12. Bxc3 Bf6 13. Rfd1 Qc7 14. Rac1 Bxc3 15. Qxc3 Qxc3 16. Rxc3 Nc6 {(=)} 17. Ng5 h6 18. Bxc6 bxc6 19. Nf3 Rb8 20. b3 Ba6 21. Rd2 Rfd8 22. Kf1 Rxd2 23. Nxd2 Rd8 24. Ke1 Rc8 25. Nc4 Bxc4 26. Rxc4 Kf8 27. f4 Ke7 28. Kf2 Kd6 29. Kf3 c5 30. g4 f5 31. e4 fxe4+ 32. Kxe4 Rb8 33. h4 g6 34. Rc2 Rb4+ 35. Rc4 Rb7 {(=)} 36. Ra4 Rb4+ 37. Rxb4 cxb4 38. Kd4 a6 39. Ke4 Ke7 40. Ke5 Kf7 41. h5 gxh5 42. gxh5 Ke7 43. f5 exf5 44. Kxf5 Kf8 45. Ke5 Ke8 46. Kf5 Kf7 1/2-1/2

[Event "Lancaster Major 2nd"]
[Site "Lancaster"]
[Date "2024.08.09"]
[Round "1.12"]
[White "Williamson, Graham A"]
[Black "McGuinness, Simon P"]
[Result "1/2-1/2"]
[WhiteElo "1754"]
[BlackElo "1887"]
[PlyCount "27"]
[EventDate "2024.08.09"]
[EventType "swiss"]
[EventRounds "5"]
[EventCountry "ENG"]
[SourceTitle "BritBase"]
[Source "John Saunders"]
[SourceDate "2024.08.31"]
[SourceVersion "1"]
[SourceVersionDate "2024.08.28"]
[SourceQuality "1"]

1. d4 e6 2. Bf4 f5 3. e3 Nf6 4. Nf3 d5 5. Nbd2 Be7 6. Bd3 c6 7. c3 b6 8. Qc2 Bb7 9. h3 Ne4 10. Be5 Nd7 11. Ke2 Nxe5 12. Nxe5 Nxd2 13. Kxd2 Bf6 14. f4 1/2-1/2

[Event "Lancaster Major 2nd"]
[Site "Lancaster"]
[Date "2024.08.09"]
[Round "1.13"]
[White "Barton, Zachary"]
[Black "Woozeer, Seth"]
[Result "0-1"]
[WhiteElo "1878"]
[BlackElo "1698"]
[PlyCount "86"]
[EventDate "2024.08.09"]
[EventType "swiss"]
[EventRounds "5"]
[EventCountry "ENG"]
[SourceTitle "BritBase"]
[Source "John Saunders"]
[SourceDate "2024.08.31"]
[SourceVersion "1"]
[SourceVersionDate "2024.08.28"]
[SourceQuality "1"]

1. e4 c5 2. Nc3 Nc6 3. Bb5 g6 4. Bxc6 dxc6 5. f4 Bg7 6. Nf3 e6 7. O-O Ne7 8. d3 O-O 9. Qe1 f5 10. Be3 b6 11. Ne5 Qc7 12. Qg3 Ba6 13. h4 fxe4 14. Nxe4 Nf5 15. Qe1 Bxe5 16. fxe5 Qxe5 17. Bd2 Nd4 18. Nf6+ Qxf6 19. Rxf6 Rxf6 20. Rc1 Raf8 21. Qe4 Rf2 22. Rd1 Bc8 23. c3 Ne2+ 24. Kh2 Nf4 25. Bxf4 R2xf4 26. Qe1 Rf2 27. Rd2 Rf1 28. Qe3 Ra1 29. a3 Rff1 30. Rf2 Rae1 31. Qf4 Rxf2 32. Qxf2 Re5 33. Qf6 Rd5 34. Qe7 Bd7 35. Kg3 Rxd3+ 36. Kf4 Rd5 37. g4 c4 38. Qd8+ Kg7 39. Qc7 a5 40. Qxb6 Rb5 41. Qd4+ e5+ 42. Qxe5+ Rxe5 43. Kxe5 Bxg4 0-1

[Event "Lancaster Major 2nd"]
[Site "Lancaster"]
[Date "2024.08.09"]
[Round "1.14"]
[White "Llewellyn, Alan Mansel"]
[Black "Layhe, Simon"]
[Result "0-1"]
[WhiteElo "1644"]
[BlackElo "1862"]
[PlyCount "56"]
[EventDate "2024.08.09"]
[EventType "swiss"]
[EventRounds "5"]
[EventCountry "ENG"]
[SourceTitle "BritBase"]
[Source "John Saunders"]
[SourceDate "2024.08.31"]
[SourceVersion "1"]
[SourceVersionDate "2024.08.28"]
[SourceQuality "1"]

1. c4 e6 2. Nc3 d5 3. e3 Nf6 4. d4 Be7 5. cxd5 exd5 6. h3 O-O 7. Bd3 Re8 8. Nge2 Nbd7 9. O-O Nf8 10. Ng3 Ng6 11. Nh5 c6 12. Nxf6+ Bxf6 13. Bxg6 hxg6 14. Qf3 Bf5 15. Bd2 Qd7 16. g4 Be4 17. Nxe4 dxe4 18. Qe2 Qd5 19. f4 exf3 20. Qxf3 Re4 21. Rae1 Rae8 22. b3 c5 23. Bc3 Qg5 24. Kf2 Qh4+ 25. Kg2 cxd4 26. Bd2 R8e7 27. Qf2 dxe3 28. Bxe3 Rxe3 0-1

[Event "Lancaster Major 2nd"]
[Site "Lancaster"]
[Date "2024.08.09"]
[Round "1.15"]
[White "Lee, Jordan"]
[Black "Cherrington, Joshua"]
[Result "1-0"]
[WhiteElo "1810"]
[BlackElo "1631"]
[PlyCount "87"]
[EventDate "2024.08.09"]
[EventType "swiss"]
[EventRounds "5"]
[EventCountry "ENG"]
[SourceTitle "BritBase"]
[Source "John Saunders"]
[SourceDate "2024.08.31"]
[SourceVersion "1"]
[SourceVersionDate "2024.08.28"]
[SourceQuality "1"]

1. e4 c6 2. d4 d5 3. e5 c5 4. dxc5 e6 5. Nf3 Bxc5 6. Bd3 Nd7 7. O-O Ne7 8. Bg5 f6 9. exf6 gxf6 10. Bh4 O-O 11. Nfd2 Ne5 12. Nb3 Bb6 13. Nc3 Qe8 14. Bg3 Nxd3 15. Qxd3 Nf5 16. Rfe1 Qg6 17. Rad1 Bd7 18. Nxd5 exd5 19. Qxd5+ Rf7 20. Qxb7 Rd8 21. Bc7 Bxc7 22. Qxc7 Re8 23. Rxe8+ Bxe8 24. Qb8 Re7 25. Qb4 Bc6 26. Qc4+ Qf7 27. Qxc6 Rc7 28. Qe4 Qg6 29. c3 Kg7 30. Nd4 Nxd4 31. Qxg6+ hxg6 32. Rxd4 Kf7 33. Kf1 Ke6 34. g4 Rb7 35. b3 Rc7 36. c4 Ke5 37. Rd3 Kf4 38. h3 Rc6 39. Rc3 a5 40. Ke2 f5 41. Rf3+ Kg5 42. gxf5 gxf5 43. Rd3 Rc5 44. Rd5 1-0

[Event "Lancaster Major 2nd"]
[Site "Lancaster"]
[Date "2024.08.09"]
[Round "1.16"]
[White "Murdoch, Stephen"]
[Black "O'Gorman, Brendan"]
[Result "1/2-1/2"]
[WhiteElo "1609"]
[BlackElo "1797"]
[PlyCount "56"]
[EventDate "2024.08.09"]
[EventType "swiss"]
[EventRounds "5"]
[EventCountry "ENG"]
[SourceTitle "BritBase"]
[Source "John Saunders"]
[SourceDate "2024.08.31"]
[SourceVersion "1"]
[SourceVersionDate "2024.08.28"]
[SourceQuality "1"]

1. d4 d5 2. Bf4 e6 3. e3 Nf6 4. Nd2 Bd6 5. Bg3 O-O 6. Bd3 c5 7. c3 Qc7 8. Ngf3 Nbd7 9. O-O Bxg3 10. hxg3 e5 11. dxe5 Nxe5 12. Nxe5 Qxe5 13. Be2 Bf5 14. Nf3 Qc7 15. Re1 Rad8 16. Nh4 Be4 17. Nf3 Rfe8 18. Ng5 Bg6 19. Nh3 Bf5 20. g4 Bc8 21. g5 Ne4 22. Bg4 Qe5 23. Bxc8 Rxc8 24. Qg4 f5 25. gxf6 Nxf6 26. Qf4 Qh5 27. Qg5 Qf7 28. Rad1 Rcd8 1/2-1/2

[Event "Lancaster Major 2nd"]
[Site "Lancaster"]
[Date "2024.08.09"]
[Round "1.17"]
[White "Doherty, Paul D"]
[Black "Emmerton, Stephen J"]
[Result "1-0"]
[WhiteElo "1774"]
[BlackElo "1585"]
[PlyCount "49"]
[EventDate "2024.08.09"]
[EventType "swiss"]
[EventRounds "5"]
[EventCountry "ENG"]
[SourceTitle "BritBase"]
[Source "John Saunders"]
[SourceDate "2024.08.31"]
[SourceVersion "1"]
[SourceVersionDate "2024.08.28"]
[SourceQuality "1"]

1. e4 d5 2. exd5 Nf6 3. d4 Nxd5 4. Bc4 Nb6 5. Bb3 Bf5 6. Qf3 Qd7 7. Ne2 Nc6 8. c3 e6 9. O-O Be7 10. Re1 O-O-O 11. Na3 Na5 12. Bd2 Bxa3 13. bxa3 Nbc4 14. Bf4 Nd6 15. Ng3 Bg6 16. Re5 Nxb3 17. axb3 c6 18. a4 f6 19. Re2 Rhf8 20. Rc1 e5 21. dxe5 fxe5 22. Rxe5 Nf7 23. Ra5 b6 24. Rxa7 Qxa7 25. Qxc6+ 1-0

[Event "Lancaster Major 2nd"]
[Site "Lancaster"]
[Date "2024.08.09"]
[Round "1.18"]
[White "Richmond, Charles J"]
[Black "Shaw, Kevin F"]
[Result "1/2-1/2"]
[WhiteElo "1561"]
[BlackElo "1774"]
[PlyCount "160"]
[EventDate "2024.08.09"]
[EventType "swiss"]
[EventRounds "5"]
[EventCountry "ENG"]
[SourceTitle "BritBase"]
[Source "John Saunders"]
[SourceDate "2024.08.31"]
[SourceVersion "1"]
[SourceVersionDate "2024.08.28"]
[SourceQuality "1"]

1. e4 e6 2. Nf3 d5 3. exd5 exd5 4. d4 Bd6 5. Bd3 Ne7 6. Bg5 f6 7. Bh4 O-O 8. O-O Bg4 9. Nbd2 Nbc6 10. c3 Qd7 11. Qc2 Bf5 12. Rae1 Bxd3 13. Qxd3 Nf5 14. Bg3 Nxg3 15. fxg3 Rae8 16. Nh4 Rxe1 17. Rxe1 Re8 18. Rxe8+ Qxe8 19. Kf1 g6 20. Qe2 Qxe2+ 21. Kxe2 Kf7 22. Ke3 Bf8 23. Nhf3 Ne7 24. g4 Bh6+ 25. Kd3 Nc8 26. g3 Nd6 27. b3 Ke6 28. c4 dxc4+ 29. bxc4 c6 30. Ne4 b5 31. Nxd6 Kxd6 32. Kc3 a5 33. Kb3 Bc1 34. Kc2 Bh6 35. Kb3 Bf8 36. Nd2 Bg7 37. Nf3 f5 38. gxf5 gxf5 39. Kc3 Ke6 40. Kd3 h6 41. h3 h5 42. Ng5+ Kf6 43. Nf3 Bf8 44. Ne5 Bd6 45. Nxc6 bxc4+ 46. Kxc4 Bxg3 47. Nxa5 Ke6 48. Nb3 f4 49. Kd3 Kd5 50. a4 f3 51. a5 f2 52. Ke2 Kc4 53. a6 Bb8 54. Nd2+ Kxd4 55. Kxf2 Ke5 56. Kf3 Ba7 57. Ne4 Bd4 58. Ng3 Kd5 59. Nxh5 Kc6 60. Nf4 Kb5 61. h4 Kxa6 62. Kg4 Kb7 63. Kg5 Kc6 64. h5 Kd6 65. Kg6 Ke7 66. h6 Bh8 67. Kh7 Bb2 68. Kg8 Kf6 69. h7 Kg5 70. Ne6+ Kh6 71. Nf8 Ba1 72. Nd7 Bb2 73. Nc5 Ba1 74. Nb3 Bb2 75. Nd2 Ba1 76. Nf3 Bb2 77. Nh4 Ba1 78. Nf5+ Kg6 79. Ne7+ Kh6 80. Nf5+ Kg6 1/2-1/2

[Event "Lancaster Major 2nd"]
[Site "Lancaster"]
[Date "2024.08.09"]
[Round "1.19"]
[White "Tedd, Bernie"]
[Black "Howells, Stephen Wyn"]
[Result "1-0"]
[WhiteElo "1772"]
[BlackElo "1526"]
[PlyCount "91"]
[EventDate "2024.08.09"]
[EventType "swiss"]
[EventRounds "5"]
[EventCountry "ENG"]
[SourceTitle "BritBase"]
[Source "John Saunders"]
[SourceDate "2024.08.31"]
[SourceVersion "1"]
[SourceVersionDate "2024.08.28"]
[SourceQuality "1"]

1. e4 c5 2. Nc3 g6 3. d4 cxd4 4. Qxd4 Nf6 5. Be3 Nc6 6. Qd2 Bg7 7. f3 O-O 8. O-O-O d6 9. g4 Qa5 10. Bh6 Be6 11. Bxg7 Kxg7 12. Kb1 Rfd8 13. Nd5 Rac8 14. Qxa5 Nxa5 15. Nxe7 Rc7 16. Nd5 Rcc8 17. b3 Bxd5 18. exd5 Rc3 19. g5 Nd7 20. Rd3 Rdc8 21. Rxc3 Rxc3 22. Bd3 Ne5 23. Ne2 Rc7 24. Be4 b6 25. Kb2 Nb7 26. f4 Ng4 27. Bf3 Ne3 28. Nd4 Nd8 29. Re1 Re7 30. Ne6+ fxe6 31. Rxe3 Kf8 32. c4 e5 33. fxe5 Rxe5 34. Rxe5 dxe5 35. Kc3 Nf7 36. h4 Nd6 37. Kd3 Ke7 38. h5 Kf7 39. Bg4 Nf5 40. hxg6+ hxg6 41. Ke4 Nd6+ 42. Kxe5 Ke7 43. Be2 Nf5 44. Bd3 Nd6 45. Bxg6 Nf7+ 46. Bxf7 1-0

[Event "Lancaster Major 2nd"]
[Site "Lancaster"]
[Date "2024.08.10"]
[Round "2.14"]
[White "Layhe, Simon"]
[Black "Tedd, Bernie"]
[Result "1/2-1/2"]
[WhiteElo "1862"]
[BlackElo "1772"]
[PlyCount "44"]
[EventDate "2024.08.09"]
[EventType "swiss"]
[EventRounds "5"]
[EventCountry "ENG"]
[SourceTitle "BritBase"]
[Source "John Saunders"]
[SourceDate "2024.08.31"]
[SourceVersion "1"]
[SourceVersionDate "2024.08.28"]
[SourceQuality "1"]

1. d4 Nf6 2. Nf3 g6 3. Nbd2 Bg7 4. e4 d6 5. Bd3 Nbd7 6. O-O e5 7. c3 O-O 8. Re1 c5 9. d5 Kh8 10. Nc4 Ne8 11. Ne3 Ndf6 12. g3 Ng4 13. Nh4 Nxe3 14. Bxe3 Nf6 15. f3 Nh5 16. Ng2 Bh3 17. Qd2 f5 18. exf5 Bxf5 19. Bxf5 gxf5 20. Bg5 Bf6 21. Bh6 Bg7 22. Bg5 Bf6 1/2-1/2